| 000 | 00915cam a22002535a 4500 | ||
|---|---|---|---|
| 001 | 18168253 | ||
| 005 | 20160308160002.0 | ||
| 008 | 140529t2013 enka frb 001 0 eng d | ||
| 020 | _a9781850972334 | ||
| 020 | _a1850972338 | ||
| 040 |
_aNLM _beng _cNLM _dUKMGB _dOCLCO _dYDXCP _dOCLCF _dAU@ _dTEF _dPAU _dUOH _dCUD _dBTCTA _dHEBIS _dOCLCO _dDLC _dEG-ScBUE |
||
| 082 | 0 | 4 |
_222 _a617.693 _bORA |
| 245 | 0 | 0 |
_aOral implants : _bbioactivating concepts / _c[editors] Rolf Ewers, J. Thomas Lambrecht. |
| 260 |
_aSurrey : _bQuintessence Publishing, _cc.2013. |
||
| 300 |
_axiv, 522 p. : _bill. ; _c29 cm. |
||
| 500 | _aIndex : p. 511-522. | ||
| 504 | _aIncludes bibliographical references. | ||
| 650 | 7 |
_aDental implants. _2BUEsh _935980 |
|
| 650 | 7 |
_aBioactive compounds. _2BUEsh _939013 |
|
| 653 |
_bDDent _cMarch2016 |
||
| 700 | 1 |
_aEwers, Rolf, _eeditor. |
|
| 700 | 1 |
_aLambrecht, J. Thomas _q(Jorg Thomas), _eeditor. |
|
| 942 | _2ddc | ||
| 999 |
_c21347 _d21319 |
||